000 00628nam a2200241Ia 4500
003 OSt
005 20221007095102.0
006 a|||||r|||| 00| 0
007 ta
008 221006b |||||||| |||| 00| 0 eng d
024 _a833
037 _cTextual
040 _aLCO
_cLCO
_beng
041 _2eng
_aeng
082 _aZ2,9298, M1
100 _aYARDLEY D.C.M
_9107901
245 0 _aPrinciples of Administrative Law
260 _aLondon
_bButter worths
_c1981
300 _a238
650 _aADMINISTRATIVE LAW
_9681514
942 _hZ2,9298, M1
_cTEXL
999 _c1170396
_d1170396